Human pathology : an introduction to the study of disease
| Main Author: | |
|---|---|
| Format: | Book |
| Published: |
New York :
Macmillan Publishing Company ,
1990
|
| Subjects: |
MARC
| LEADER | 00000cam a2200000 7i4500 | ||
|---|---|---|---|
| 001 | 0000003023 | ||
| 002 | 000003272 | ||
| 005 | 20000330.0 | ||
| 020 | |a 0029463025 | ||
| 090 | 0 | 0 | |a 616.07 |b ROW |
| 100 | 1 | |a Rowlands, David T | |
| 245 | 1 | 0 | |a Human pathology : |b an introduction to the study of disease |c David T.Rowlands |
| 260 | |a New York : |b Macmillan Publishing Company , |c 1990 | ||
| 300 | |a 623p. ; |c 24cm. | ||
| 650 | 0 | 0 | |a Pathology |
| 999 | |a 036602 |b BUKU |c PINJAMAN |e PERPUSTAKAAN KOMUNITI PETALING JAYA | ||